Wonders of the ancient world / (Record no. 1280)

MARC details
000 -LEADER
fixed length control field 00709pam a22002651i 4500
005 - DATE AND TIME OF LATEST TRANSACTION
control field 20260322212054.0
008 - FIXED-LENGTH DATA ELEMENTS--GENERAL INFORMATION
fixed length control field data
010 ## - LIBRARY OF CONGRESS CONTROL NUMBER
LC control number 80065756
020 ## - INTERNATIONAL STANDARD BOOK NUMBER
International Standard Book Number 0517318253
020 ## - INTERNATIONAL STANDARD BOOK NUMBER
International Standard Book Number 9780517318256
040 ## - CATALOGING SOURCE
Original cataloging agency DLC
Transcribing agency DLC
Modifying agency DLC
050 10 - LIBRARY OF CONGRESS CALL NUMBER
Classification number AG243
Item number .W34 1980
082 00 - DEWEY DECIMAL CLASSIFICATION NUMBER
Classification number 722
092 ## - LOCALLY ASSIGNED DEWEY CALL NUMBER (OCLC)
Classification number 722 W34 1980
001 - CONTROL NUMBER
control field data
100 1# - MAIN ENTRY--PERSONAL NAME
Personal name Walker, Charles,
Dates associated with a name 1937-
245 10 - TITLE STATEMENT
Title Wonders of the ancient world /
Statement of responsibility, etc. Charles Walker.
260 ## - PUBLICATION, DISTRIBUTION, ETC.
Place of publication, distribution, etc. New York :
Name of publisher, distributor, etc. Crescent Books,
Date of publication, distribution, etc. 1980.
300 ## - PHYSICAL DESCRIPTION
Extent p. cm.
500 ## - GENERAL NOTE
General note Cataloging based on CIP information.
500 ## - GENERAL NOTE
General note Includes index.
504 ## - BIBLIOGRAPHY, ETC. NOTE
Bibliography, etc. note Bibliography: p.
650 #0 - SUBJECT ADDED ENTRY--TOPICAL TERM
Topical term or geographic name entry element Curiosities and wonders.
906 ## - LOCAL DATA ELEMENT F, LDF (RLIN)
a 7
b cbc
c orignew
d 1
e opcn
f 19
g y-gencatlg
Holdings
Withdrawn status Lost status Damaged status Not for loan Home library Current library Shelving location Date acquired Total checkouts Full call number Barcode Date last seen Price effective from Koha item type
        Centerville Centerville General stacks 22/03/2026   722 BC0011323 22/03/2026 22/03/2026 Books